Statistics for Most Polluting Countries

Click here to take the quiz!

General Stats

  • This quiz has been taken 2,287 times
    (635 since last reset)
  • The average score is 26 of 30

Answer Stats

CO2 EmissionsCountry% Correct
10,540,000 China
100%
5,334,000 United States
100%
2,341,000 India
98%
415,000 United Kingdom
98%
1,766,000 Russia
97%
323,000 France
96%
767,000 Germany
96%
501,000 Brazil
94%
456,000 Mexico
94%
1,278,000 Japan
93%
337,000 Italy
92%
242,000 Spain
92%
565,000 Canada
90%
409,000 Australia
89%
452,000 Indonesia
89%
199,000 Argentina
88%
618,000 Iran
88%
494,000 Saudi Arabia
88%
610,000 South Korea
87%
225,000 Egypt
85%
392,000 South Africa
85%
353,000 Turkey
84%
298,000 Poland
81%
249,000 Ukraine
81%
272,000 Thailand
78%
227,000 Malaysia
66%
201,000 United Arab Emirates
65%
277,000 Taiwan
60%
195,000 Venezuela
57%
236,000 Kazakhstan
52%

Score Distribution

Percentile by Number Answered

Percent of People with Each Score

Your Score History

You have not taken this quiz since the last reset